| 000 | 01389cam a22003255i 4500 | ||
|---|---|---|---|
| 999 |
_c12762 _d12762 |
||
| 003 | EG-ScBUE | ||
| 005 | 20200123141548.0 | ||
| 008 | 200123s2003 ua g b 001 pbara d | ||
| 017 | _a2003 / 8070 | ||
| 020 | _a9773054276 | ||
| 040 |
_aEG-ScBUE _bara _erda _cEG-ScBUE _dEG-ScBUE |
||
| 082 | 0 | 4 |
_a892.715 _bش و ق _222 |
| 100 | 1 |
_aشوقي، أحمد، _d1868-1932، _eمؤلف. |
|
| 245 | 1 | 2 |
_aالشوقيات المجهولة : _bآثار شوقي التي لم يسبق كشفها أو نشرها : دراسات وأضواء جديدة على حياة الشاعر وعصره وأدبه / _cبقلم الدكتور محمد صبري. |
| 250 | _aالطبعة الثانية. | ||
| 264 | 1 |
_aالقاهرة : _bالهيئة العامة لقصور الثقافة، _c2003. |
|
| 300 |
_aالمجلد الثاني ؛ _c24 سم. |
||
| 336 |
_aنص _btxt _2rdacontent |
||
| 337 |
_aبدون وسيط _bn _2rdamedia |
||
| 338 |
_aمجلد _bnc _2rdacarrier |
||
| 490 | 0 |
_aذاكرة الكتابة ؛ _v41 |
|
| 504 | _aيشتمل على إرجاعات ببليوجرافية وكشافات. | ||
| 505 | 2 | _aالمجلد 2. 1904-1932. | |
| 600 | 1 | 7 |
_aشوقي، أحمد، _d1868-1932. _2BUEsh |
| 650 | 7 |
_aالشعر العربي _vدواوين وقصائد. _2BUEsh _97996 |
|
| 651 | _2BUEsh | ||
| 653 |
_bARALIT _bGGEN |
||
| 700 | 1 |
_aصبري، محمد، _e1894-1978. |
|
| 942 |
_2ddc _cBB |
||